Statistiques concernant Paroles : Ready To Run - One Direction

Cliquez ici pour prendre le quiz!

Statistiques générales

  • Ce quiz a été pris 17 fois
  • Le résultat moyen est 242 sur 346

Statistiques - réponses

Réponse% Correct
a
100%
I
100%
run
100%
the
100%
to
100%
you
100%
and
94%
And
94%
be
94%
I'm
94%
ready
94%
time
94%
This
88%
your
88%
can
75%
'Cause
75%
Then
75%
can't
69%
city
69%
Escape
69%
every
69%
for
69%
from
69%
I'll
69%
in
69%
love
69%
of
69%
when
69%
dark
63%
follow
63%
mine?
63%
never
63%
night
63%
no
63%
sun
63%
that
63%
wanna
63%
yours
63%
everything
56%
eyes
56%
it
56%
know
56%
now
56%
alright
50%
got
50%
inside
50%
it's
50%
keep
50%
look
50%
me
50%
There
50%
There's
50%
there's
50%
we'll
50%
will
50%
yes
50%
young
50%
back
44%
deny
44%
Don't
44%
don't
44%
free
44%
get
44%
life
44%
lost
44%
make
44%
out
44%
running
44%
Without
44%
alive
38%
are
38%
boat
38%
But
38%
devil
38%
is
38%
belong
31%
chasing
31%
fine
31%
I'd
31%
lightning
31%
my
31%
on
31%
place
31%
sinking
31%
smile
31%
way
31%
around
25%
course
25%
gaining
25%
give
25%
next
25%
only
25%
speed
25%
turn
25%
always
19%
change
19%
criticize
19%
finally
19%
foresee
19%
future
19%
kind
19%
moment
19%
realize
19%
rolling
19%
stay
19%
Unless
19%
Wherever
19%
tide
13%

Distribution des résultats

Percentile par nombre de réponses

% des personnes avec chaque résultat

Votre développement - résultats

Vous n’avez pas pris ce quiz